[Event "World Rapid Women 2022"]
[Site "Almaty KAZ"]
[Date "2022.12.27"]
[Round "6.1"]
[White "Tan, Zhongyi"]
[Black "Danielian, Elina"]
[Result "1/2-1/2"]
[WhiteTitle "GM"]
[BlackTitle "GM"]
[WhiteElo "2518"]
[BlackElo "2431"]
[WhiteFideId "8603642"]
[BlackFideId "13300210"]
[EventDate "2022.12.26"]

1. d4 Nf6 2. c4 e6 3. Nf3 Bb4+ 4. Nbd2 b6 5. g3 Bb7 6. Bg2 O-O 7. O-O Bxd2 8.
Qxd2 d6 9. b3 Nbd7 10. Bb2 Qe7 11. Rfd1 a5 12. a3 h6 13. b4 axb4 14. axb4 Be4
15. Qe3 c6 16. Bh3 d5 17. c5 Rfb8 18. Rxa8 Rxa8 19. b5 Rc8 20. Rc1 Bxf3 21. exf3
cxb5 22. Ba3 bxc5 23. dxc5 Nb8 24. Bf1 Qb7 25. Bb2 Nbd7 26. f4 b4 27. Bd4 Qc6
28. Bd3 b3 29. Qe2 Qa4 30. Qb2 Qa2 31. c6 Nb8 32. Bxf6 gxf6 33. Qxf6 Qd2 34.
Bh7+ Kxh7 35. Qxf7+ Kh8 36. Qf6+ Kh7 37. Qf7+ Kh8 38. Qf6+ Kh7 1/2-1/2

[Event "World Rapid Women 2022"]
[Site "Almaty KAZ"]
[Date "2022.12.27"]
[Round "6.2"]
[White "Abdumalik, Zhansaya"]
[Black "Garifullina, Leya"]
[Result "1-0"]
[WhiteTitle "GM"]
[BlackTitle "IM"]
[WhiteElo "2496"]
[BlackElo "2357"]
[WhiteFideId "13703544"]
[BlackFideId "34127035"]
[EventDate "2022.12.26"]

1. e4 c5 2. Nc3 d6 3. d4 cxd4 4. Qxd4 Nc6 5. Qd2 Nf6 6. b3 e6 7. Bb2 d5 8. exd5
exd5 9. O-O-O Be6 10. Nf3 Bb4 11. Qg5 Qe7 12. Bd3 O-O-O 13. Nb5 h6 14. Qf4 a6
15. Nbd4 Nxd4 16. Nxd4 Ba3 17. Rhe1 Bxb2+ 18. Kxb2 Qd6 19. Qxd6 Rxd6 20. h3 Kc7
21. a4 Re8 22. Re3 Rdd8 23. Rde1 Bd7 24. Bf5 g6 25. Bd3 Kd6 26. a5 Rxe3 27. Rxe3
Re8 28. Rf3 Ke5 29. c3 Re7 30. b4 Nh5 31. Nb3 Nf4 32. Bf1 g5 33. Nc5 Bc8 34. g3
Nxh3 35. Nd3+ Kd6 36. Rf6+ Kc7 37. Rxh6 Bf5 38. Rxh3 Bxh3 39. Bxh3 Re2+ 40. Kb3
Rd2 41. Bf5 f6 42. c4 dxc4+ 43. Kxc4 b6 44. axb6+ Kxb6 45. Kd5 Re2 46. g4 Kb5
47. f3 Re7 48. Kd6 Re3 49. Be4 Kc4 50. Ke6 Rxd3 51. Bxd3+ Kxd3 52. Kxf6 Kc4 53.
Kxg5 Kxb4 54. f4 1-0

[Event "World Rapid Women 2022"]
[Site "Almaty KAZ"]
[Date "2022.12.27"]
[Round "6.3"]
[White "Batsiashvili, Nino"]
[Black "Goryachkina, Aleksandra"]
[Result "1/2-1/2"]
[WhiteTitle "GM"]
[BlackTitle "GM"]
[WhiteElo "2493"]
[BlackElo "2584"]
[WhiteFideId "13602993"]
[BlackFideId "4147103"]
[EventDate "2022.12.26"]

1. d4 d5 2. Nf3 Nf6 3. Bf4 c5 4. e3 Nc6 5. Nbd2 cxd4 6. exd4 Qb6 7. Nb3 Bg4 8.
Be2 e6 9. O-O Be7 10. Re1 O-O 11. a4 a5 12. Ne5 Bxe2 13. Rxe2 Rac8 14. h3 Nxe5
15. Bxe5 Ne4 16. Re3 Rfd8 17. c3 Bd6 18. Bxd6 Nxd6 19. Rb1 Ne4 20. Nd2 Nxd2 21.
Qxd2 Qc6 22. Ra1 Qd7 23. Rg3 Kh8 24. h4 Rc4 25. Qf4 Qc7 26. Qg4 Rg8 27. h5 h6
28. Qf3 Rc8 29. Qg4 Rg8 30. Qf3 Rc8 31. Qg4 1/2-1/2

[Event "World Rapid Women 2022"]
[Site "Almaty KAZ"]
[Date "2022.12.27"]
[Round "6.4"]
[White "Khotenashvili, Bela"]
[Black "Gunina, Valentina"]
[Result "1-0"]
[WhiteTitle "GM"]
[BlackTitle "GM"]
[WhiteElo "2485"]
[BlackElo "2476"]
[WhiteFideId "13602640"]
[BlackFideId "4167570"]
[EventDate "2022.12.26"]

1. Nf3 d5 2. g3 c6 3. Bg2 Bg4 4. h3 Bxf3 5. Bxf3 e5 6. d4 Nd7 7. Bg2 Ngf6 8. O-O
Bd6 9. e3 O-O 10. b3 Re8 11. Bb2 h5 12. c4 e4 13. Nc3 h4 14. g4 Rc8 15. f4 exf3
16. Qxf3 Qe7 17. Rae1 Bg3 18. Re2 Nb6 19. e4 dxc4 20. e5 Nh7 21. Ne4 Rcd8 22.
Nxg3 Ng5 23. Qf2 hxg3 24. Qxg3 Ne6 25. Ref2 Rf8 26. Rd1 Rd7 27. Bf1 cxb3 28.
Qxb3 Rfd8 29. Rfd2 Nd5 30. Ba3 Qh4 31. Bd6 Ng5 32. Bg2 Nf4 33. Rd3 Re8 34. Re3
Re6 35. Rf1 Nxg2 36. Kxg2 Rg6 37. Rf4 Ne6 38. Rfe4 f5 39. exf6 Rxd6 40. Rxe6
Rxe6 41. Rxe6 Kh7 42. f7 Rf6 43. Qc2+ g6 44. f8=N+ Rxf8 45. Qxg6+ Kh8 46. Re2 a5
47. Qe6 a4 48. Qe5+ Kg8 49. d5 Qh6 50. dxc6 Qxc6+ 51. Kh2 Rf7 52. Qg5+ Kh7 53.
Qh5+ Kg7 54. Qe5+ Kh7 55. Qe4+ Qxe4 56. Rxe4 Rf2+ 57. Kg3 Rxa2 58. Re7+ Kg6 59.
Rxb7 Ra1 60. Kh4 a3 61. Rb6+ Kf7 62. Ra6 a2 63. g5 Kg7 64. Kh5 Kf7 65. h4 Ke7
66. Ra7+ Kf8 67. g6 Rh1 68. Rxa2 Kg7 69. Ra7+ Kf8 70. Kg5 Kg8 71. h5 1-0

[Event "World Rapid Women 2022"]
[Site "Almaty KAZ"]
[Date "2022.12.27"]
[Round "6.5"]
[White "Koneru, Humpy"]
[Black "Voit, Daria"]
[Result "1/2-1/2"]
[WhiteTitle "GM"]
[BlackTitle "WGM"]
[WhiteElo "2572"]
[BlackElo "2347"]
[WhiteFideId "5008123"]
[BlackFideId "4182146"]
[EventDate "2022.12.26"]

1. d4 Nf6 2. c4 e6 3. Nf3 d5 4. Nc3 Bb4 5. Qa4+ Nc6 6. e3 O-O 7. Bd2 dxc4 8.
Bxc4 Bd6 9. Qc2 e5 10. dxe5 Nxe5 11. Nxe5 Bxe5 12. f4 Bxc3 13. Bxc3 Re8 14. O-O
Ng4 15. Qb3 Be6 16. Bxe6 Rxe6 17. Qxb7 Nxe3 18. Rfe1 Qd5 19. Qxd5 Nxd5 20. Rxe6
fxe6 21. Be5 Rb8 22. Rc1 Rb7 23. Kf2 Kf7 24. Kf3 g6 25. g4 Ke7 26. h4 Nb4 27.
Rxc7+ Rxc7 28. Bxc7 Nxa2 29. Ba5 Nc1 30. Ke4 h5 31. Bd2 Ne2 32. Ke3 Ng3 33. Kf3
Nf1 34. Bb4+ Kd7 35. f5 exf5 36. gxh5 gxh5 37. Kf4 Ke6 38. Bc3 a6 39. b3 Nh2 40.
Kg5 Nf3+ 41. Kxh5 Kd5 42. Bf6 Kc5 43. Be7+ Kb5 44. Kg6 Nxh4+ 45. Bxh4 Kb4 46.
Kxf5 Kxb3 47. Be1 Kc4 1/2-1/2

[Event "World Rapid Women 2022"]
[Site "Almaty KAZ"]
[Date "2022.12.27"]
[Round "6.6"]
[White "Kosteniuk, Alexandra"]
[Black "Gong, Qianyun"]
[Result "0-1"]
[WhiteTitle "GM"]
[BlackTitle "WGM"]
[WhiteElo "2520"]
[BlackElo "2299"]
[WhiteFideId "4128125"]
[BlackFideId "8602425"]
[EventDate "2022.12.26"]

1. e4 e6 2. d4 d5 3. e5 c5 4. c3 Nc6 5. Nf3 Nge7 6. Na3 cxd4 7. cxd4 Nf5 8. Nc2
Qb6 9. Bd3 Bd7 10. Bxf5 exf5 11. O-O Be6 12. Rb1 h6 13. b4 Be7 14. Ba3 Qd8 15.
Qd2 b6 16. Rfc1 O-O 17. Nce1 Na5 18. bxa5 Bxa3 19. Rc3 Be7 20. axb6 axb6 21. Nd3
Ra4 22. Rcb3 Qa8 23. R1b2 Rb8 24. h4 Qc6 25. Qc2 Rc4 26. Qb1 Bd8 27. Kh2 g5 28.
Nb4 Qc8 29. Qd3 f4 30. Nd2 Bf5 31. Qf3 Rxd4 32. Rc3 Qb7 33. Nc6 g4 34. Qe2 Ra4
35. Nxb8 Qxb8 36. g3 Bc7 37. Rc6 fxg3+ 38. fxg3 Bxe5 39. Rb3 Rxa2 40. Rcxb6
Bxg3+ 41. Kg1 Qf4 42. R6b4 Be4 43. Rxe4 dxe4 44. Re3 Ra1+ 45. Kg2 Re1 0-1

[Event "World Rapid Women 2022"]
[Site "Almaty KAZ"]
[Date "2022.12.27"]
[Round "6.7"]
[White "Savitha, Shri B"]
[Black "Khademalsharieh, Sarasadat"]
[Result "1-0"]
[WhiteTitle "WIM"]
[BlackTitle "IM"]
[WhiteElo "2411"]
[BlackElo "2490"]
[WhiteFideId "35061887"]
[BlackFideId "12512214"]
[EventDate "2022.12.26"]

1. e4 e5 2. Nf3 Nc6 3. Bb5 a6 4. Ba4 Nf6 5. d3 b5 6. Bb3 Bc5 7. a3 d6 8. h3 h6
9. Nc3 Be6 10. Bxe6 fxe6 11. O-O O-O 12. Be3 Qe8 13. Ne2 Nh5 14. Nh2 Qg6 15. Qd2
Nd4 16. Bxd4 Bxd4 17. Nxd4 exd4 18. f4 c5 19. Ng4 a5 20. Rf3 a4 21. Raf1 Ra7 22.
f5 exf5 23. exf5 Qg5 24. Qxg5 hxg5 25. Re1 Raf7 26. Re6 Nf4 27. Rxd6 Rxf5 28.
Kh2 Nd5 29. Rxf5 Rxf5 30. Rd8+ Kf7 31. Rd7+ Kf8 32. Rd8+ Ke7 33. Rg8 Kf7 34. Rb8
b4 35. Ra8 b3 36. cxb3 axb3 37. Rb8 Rf1 38. Rxb3 Nf4 39. a4 Nd5 40. Rb5 Rc1 41.
a5 Nb4 42. Nf2 Rc2 43. Ne4 Nxd3 44. a6 1-0

[Event "World Rapid Women 2022"]
[Site "Almaty KAZ"]
[Date "2022.12.27"]
[Round "6.8"]
[White "Kamalidenova, Meruert"]
[Black "Stefanova, Antoaneta"]
[Result "0-1"]
[WhiteTitle "WIM"]
[BlackTitle "GM"]
[WhiteElo "2377"]
[BlackElo "2442"]
[WhiteFideId "13712802"]
[BlackFideId "2902257"]
[EventDate "2022.12.26"]

1. e4 e5 2. Nf3 Nc6 3. Bb5 a6 4. Ba4 d6 5. c3 Bd7 6. O-O g6 7. d4 Bg7 8. Re1 b5
9. Bc2 Nf6 10. h3 O-O 11. Nbd2 Re8 12. a3 a5 13. Nf1 a4 14. Ng3 Na5 15. Nh2 c5
16. d5 h6 17. f4 exf4 18. Bxf4 Nc4 19. Rb1 b4 20. Bd3 Ne5 21. Bf1 Nh7 22. Qd2
Qh4 23. Nh1 bxc3 24. bxc3 Rab8 25. Bg3 Qe7 26. Nf2 h5 27. Be2 Rb3 28. Rxb3 axb3
29. Rb1 c4 30. Nf1 Bb5 31. Ne3 Rc8 32. Ned1 Nf8 33. Nb2 Nfd7 34. a4 Ba6 35. Bf4
Nc5 36. Rc1 Ned3 37. Bxd3 Nxd3 38. Nbxd3 cxd3 39. Be3 Qe8 40. Nxd3 Bxd3 41. Qxd3
b2 42. Re1 Rxc3 43. Qd1 Qxe4 44. Bd2 Qd4+ 45. Kh1 Rd3 46. Re8+ Kh7 47. Qf1 Rxd2
48. Qxf7 b1=Q+ 49. Kh2 Qbg1+ 0-1

[Event "World Rapid Women 2022"]
[Site "Almaty KAZ"]
[Date "2022.12.27"]
[Round "6.9"]
[White "Mammadzada, Gunay"]
[Black "Pourkashiyan, Atousa"]
[Result "1/2-1/2"]
[WhiteTitle "IM"]
[BlackTitle "WGM"]
[WhiteElo "2472"]
[BlackElo "2321"]
[WhiteFideId "13403729"]
[BlackFideId "12502014"]
[EventDate "2022.12.26"]

1. e4 e5 2. Nf3 Nf6 3. Nxe5 d6 4. Nf3 Nxe4 5. d4 d5 6. Bd3 Be7 7. O-O Nc6 8. Re1
Bg4 9. Bxe4 dxe4 10. Rxe4 Bxf3 11. Qxf3 Nxd4 12. Qd3 Ne6 13. Qe2 O-O 14. Nc3 Bf6
15. Bd2 Nc5 16. Re3 Bg5 17. Re5 Qxd2 18. Rxc5 c6 19. Qxd2 Bxd2 20. Rd1 Rad8 21.
Kf1 Rfe8 22. Rc4 f5 23. g3 Bxc3 1/2-1/2

[Event "World Rapid Women 2022"]
[Site "Almaty KAZ"]
[Date "2022.12.27"]
[Round "6.10"]
[White "Bivol, Alina"]
[Black "Ushenina, Anna"]
[Result "1-0"]
[WhiteTitle "IM"]
[BlackTitle "GM"]
[WhiteElo "2364"]
[BlackElo "2454"]
[WhiteFideId "4100123"]
[BlackFideId "14110911"]
[EventDate "2022.12.26"]

1. e4 c5 2. Nf3 e6 3. g3 Nc6 4. Bg2 Nf6 5. Nc3 d6 6. O-O Be7 7. d4 cxd4 8. Nxd4
Bd7 9. Ndb5 Qb8 10. a4 a6 11. Na3 Qc7 12. Nc4 Nb4 13. b3 Bc6 14. Be3 d5 15. Bf4
Qd8 16. Ne5 d4 17. Nxc6 Nxc6 18. Ne2 e5 19. Bd2 O-O 20. h3 Rc8 21. f4 d3 22.
cxd3 Qxd3 23. Bc1 Rfd8 24. Qxd3 Rxd3 25. Rb1 Nd7 26. Bf3 Nc5 27. b4 Nxa4 28. b5
axb5 29. Rxb5 b6 30. fxe5 Bc5+ 31. Kh1 Nxe5 32. Bg2 Rcd8 33. Rb1 f6 34. g4 Nc3
35. Nxc3 Rxc3 36. g5 fxg5 37. Bb2 Rdd3 38. Bxc3 Rxc3 39. Rf5 Nd3 40. Rxg5 Nf2+
41. Kh2 Nd3 42. Rd5 Kf7 43. Rd1 Nb2 44. Rf1+ Ke6 45. Bf3 Bd6+ 46. Kh1 Nc4 47.
Bg4+ Ke7 48. Rfd1 Rc2 49. R5d3 b5 50. e5 Bxe5 51. Rd7+ Kf6 52. Rf1+ Kg5 53. Rf5+
Kg6 54. Rf3 Kh6 55. Re7 Bf6 56. Rb7 Rb2 57. Rf5 Nd6 58. Rh5+ Kg6 59. Rb6 Rd2 60.
Rc5 Rb2 61. Rxd6 b4 62. Rb6 b3 63. Rcb5 Rb1+ 64. Kg2 Rb2+ 65. Kf3 1-0

[Event "World Rapid Women 2022"]
[Site "Almaty KAZ"]
[Date "2022.12.27"]
[Round "6.11"]
[White "Hajiyeva, Laman"]
[Black "Paehtz, Elisabeth"]
[Result "0-1"]
[WhiteTitle "WFM"]
[BlackTitle "GM"]
[WhiteElo "2135"]
[BlackElo "2464"]
[WhiteFideId "13415875"]
[BlackFideId "4641833"]
[EventDate "2022.12.26"]

1. e4 c5 2. c3 d5 3. exd5 Qxd5 4. d4 g6 5. Nf3 Bg7 6. Na3 cxd4 7. Bc4 Qd8 8.
Nxd4 Nf6 9. O-O a6 10. Qf3 O-O 11. h3 Nbd7 12. Qe2 e5 13. Nf3 b5 14. Bb3 Qc7 15.
Re1 Bb7 16. Bg5 e4 17. Nd4 Qe5 18. Qd2 Nc5 19. Bc2 Rad8 20. Qf4 Qxf4 21. Bxf4
Nd5 22. Bg5 f6 23. Be3 Nxe3 24. fxe3 Bd5 25. b4 Nd7 26. Bb3 Ne5 27. Red1 Nd3 28.
Rd2 f5 29. Rad1 Bxd4 30. exd4 Nf4 31. Rf2 Ne6 32. Nc2 f4 33. Re2 e3 34. Nxe3
fxe3 35. Rxe3 Nf4 36. Rde1 Bxb3 37. axb3 Nd5 38. Re6 Nxc3 39. Rxa6 Rxd4 40. Ra7
Rf7 41. Ra8+ Kg7 0-1

[Event "World Rapid Women 2022"]
[Site "Almaty KAZ"]
[Date "2022.12.27"]
[Round "6.12"]
[White "Sultanbek, Zeinep"]
[Black "Mammadova, Gulnar"]
[Result "1-0"]
[WhiteTitle "WIM"]
[BlackTitle "IM"]
[WhiteElo "1891"]
[BlackElo "2376"]
[WhiteFideId "13710419"]
[BlackFideId "13403508"]
[EventDate "2022.12.26"]

1. Nf3 g6 2. g3 Bg7 3. Bg2 d6 4. d4 Nd7 5. O-O e5 6. c4 Ne7 7. Nc3 O-O 8. e4
exd4 9. Nxd4 Nc6 10. Be3 Nde5 11. b3 Ng4 12. Nxc6 Nxe3 13. Qe2 bxc6 14. Qxe3 Qf6
15. Rac1 Re8 16. Qd3 Rb8 17. Nd1 Qd4 18. Qf3 Qd2 19. Nc3 Bxc3 20. Qxc3 Qxc3 21.
Rxc3 c5 22. Re3 a5 23. a4 f5 24. Rfe1 fxe4 25. Bxe4 Kg7 26. Bd5 Rxe3 27. Rxe3
Kf6 28. Re8 h5 29. h4 g5 30. hxg5+ Kxg5 31. Be6 Rxb3 32. Rxc8 Rb4 33. Rxc7 Rxa4
34. Rc6 Ra1+ 35. Kg2 a4 36. Rxd6 a3 37. Bh3 Rc1 38. f4# 1-0

[Event "World Rapid Women 2022"]
[Site "Almaty KAZ"]
[Date "2022.12.27"]
[Round "6.13"]
[White "Dzagnidze, Nana"]
[Black "Tania, Sachdev"]
[Result "0-1"]
[WhiteTitle "GM"]
[BlackTitle "IM"]
[WhiteElo "2517"]
[BlackElo "2389"]
[WhiteFideId "13601903"]
[BlackFideId "5007844"]
[EventDate "2022.12.26"]

1. c4 e5 2. Nc3 Nf6 3. Nf3 Nc6 4. e3 d5 5. cxd5 Nxd5 6. Bb5 Nxc3 7. bxc3 Bd6 8.
d4 exd4 9. cxd4 O-O 10. O-O Bf5 11. Bb2 a6 12. Bd3 Bxd3 13. Qxd3 h6 14. e4 Re8
15. Rad1 Bf8 16. d5 Nb4 17. Qb3 a5 18. a3 Na6 19. e5 Nc5 20. Qc4 Qd7 21. Rfe1
Qa4 22. Qc1 Rad8 23. Rd4 Qb5 24. Qc2 Nb3 25. Rd3 a4 26. Red1 Nc5 27. Re3 Nb3 28.
e6 fxe6 29. dxe6 Rxd1+ 30. Qxd1 Nc5 31. e7 Rxe7 32. Qd5+ Kh8 33. Qd8 Rf7 34. Ne5
Rf6 35. Ng6+ Rxg6 36. Qxf8+ Kh7 37. Bc3 Ne6 38. Qf7 Qc6 39. f3 0-1

[Event "World Rapid Women 2022"]
[Site "Almaty KAZ"]
[Date "2022.12.27"]
[Round "6.14"]
[White "Muminova, Nafisa"]
[Black "Harika, Dronavalli"]
[Result "1-0"]
[WhiteTitle "WGM"]
[BlackTitle "GM"]
[WhiteElo "2274"]
[BlackElo "2507"]
[WhiteFideId "14201526"]
[BlackFideId "5015197"]
[EventDate "2022.12.26"]

1. e4 e6 2. d4 d5 3. e5 c5 4. c3 Qb6 5. Nf3 Bd7 6. Be2 Bb5 7. dxc5 Bxc5 8. O-O
Bxe2 9. Qxe2 a5 10. Nbd2 Qa6 11. c4 Ne7 12. b3 Nbc6 13. Bb2 O-O 14. Rac1 Rfd8
15. Ng5 h6 16. Qh5 hxg5 17. Nf3 g6 18. Qh3 g4 19. Qxg4 Nf5 20. Ng5 Be7 21. Rc3
Nxe5 22. Qf4 Bf6 23. g4 Qd6 24. gxf5 Nxc4 25. Qh4 Ne5 26. Rh3 d4 27. Qh7+ Kf8
28. Ne4 Qe7 29. Bc1 exf5 30. Bh6+ Ke8 31. Nxf6+ Qxf6 32. Re1 Kd7 33. Bg7 Qg5+
34. Kh1 Ng4 35. Bxd4 Kc6 36. Rc3+ Kb5 37. Qxf7 Rxd4 38. Qxb7# 1-0

[Event "World Rapid Women 2022"]
[Site "Almaty KAZ"]
[Date "2022.12.27"]
[Round "6.15"]
[White "Saduakassova, Dinara"]
[Black "Mkrtchian, Lilit"]
[Result "1-0"]
[WhiteTitle "IM"]
[BlackTitle "IM"]
[WhiteElo "2434"]
[BlackElo "2377"]
[WhiteFideId "13700090"]
[BlackFideId "13300601"]
[EventDate "2022.12.26"]

1. Nf3 d5 2. d4 Nf6 3. Bf4 c5 4. e3 Nc6 5. Nbd2 Bg4 6. Bb5 Qb6 7. c4 a6 8. dxc5
Qxc5 9. Bxc6+ bxc6 10. Rc1 Bxf3 11. Nxf3 Qb4+ 12. Qd2 e6 13. Ne5 Qxd2+ 14. Kxd2
g5 15. Bg3 Ne4+ 16. Ke2 Bg7 17. Nxc6 Bxb2 18. Rc2 Bf6 19. cxd5 Nc3+ 20. Kf3 Nxd5
21. e4 Ne7 22. Nxe7 Bxe7 23. Rb1 h5 24. Rb7 h4 25. Be5 f6 26. Bb2 Bd8 27. Rc6
O-O 28. Rxe6 Rc8 29. Rxa6 Rc2 30. Raa7 Re8 31. Rg7+ Kh8 32. Rh7+ Kg8 33. Rag7+
Kf8 34. Ba3+ 1-0

[Event "World Rapid Women 2022"]
[Site "Almaty KAZ"]
[Date "2022.12.27"]
[Round "6.16"]
[White "Atalik, Ekaterina"]
[Black "Nomin-Erdene, Davaademberel"]
[Result "1-0"]
[WhiteTitle "IM"]
[BlackTitle "IM"]
[WhiteElo "2403"]
[BlackElo "2384"]
[WhiteFideId "4130189"]
[BlackFideId "4900782"]
[EventDate "2022.12.26"]

1. c4 e6 2. Nf3 d5 3. e3 Nf6 4. Nc3 b6 5. b3 Bb7 6. Bb2 Nbd7 7. cxd5 exd5 8. d4
a6 9. Bd3 Bd6 10. O-O O-O 11. Ne2 Qe7 12. Rc1 Ne4 13. Bxe4 dxe4 14. Nd2 Nf6 15.
h3 Nd5 16. Nc4 a5 17. Nxd6 cxd6 18. Nc3 Nb4 19. Ba3 Ba6 20. Bxb4 Bxf1 21. Qxf1
axb4 22. Nd5 Qg5 23. Nxb4 Qa5 24. Qc4 b5 25. Qc3 h6 26. d5 Rfc8 27. Nc6 Qxc3 28.
Rxc3 Kf8 29. Rc2 Ke8 30. Kh2 Kd7 31. Kg3 g5 32. Kg4 Re8 33. Kf5 Ra3 34. Kf6 Raa8
35. Kf5 Ra6 36. Rd2 Raa8 37. Re2 Ra6 38. f3 exf3 39. gxf3 Rea8 40. Nb4 Ra3 41.
e4 Re8 42. Rc2 Raa8 43. Nc6 Rec8 44. h4 gxh4 45. Rh2 Rg8 46. Rxh4 Rxa2 47. Rxh6
Rag2 48. f4 R2g3 49. b4 Rf3 50. Rh7 Ke8 51. e5 dxe5 52. Nxe5 Rf1 53. d6 Rf8 54.
Ke4 Rd1 55. d7+ Kd8 56. f5 Rxd7 57. Nxd7 Kxd7 58. Kd5 Ke7 59. Rh6 Rg8 60. Rb6
Rg5 61. Ke5 f6+ 62. Rxf6 Rg4 63. Rb6 Rxb4 64. Rb7+ Kf8 65. Kf6 Kg8 66. Rb8+ Kh7
67. Kf7 Rb1 68. f6 Rb2 69. Kf8 Kg6 70. f7 Kh7 71. Rb6 b4 72. Ke7 Re2+ 73. Re6
Rf2 74. f8=Q 1-0

[Event "World Rapid Women 2022"]
[Site "Almaty KAZ"]
[Date "2022.12.27"]
[Round "6.17"]
[White "Zatonskih, Anna"]
[Black "Shuvalova, Polina"]
[Result "0-1"]
[WhiteTitle "IM"]
[BlackTitle "IM"]
[WhiteElo "2349"]
[BlackElo "2502"]
[WhiteFideId "14101572"]
[BlackFideId "24171760"]
[EventDate "2022.12.26"]

1. d4 Nf6 2. c4 e6 3. Nc3 Bb4 4. e3 O-O 5. Bd2 c5 6. a3 Bxc3 7. Bxc3 Ne4 8. Rc1
b6 9. Nf3 Bb7 10. Bd3 d6 11. O-O Nd7 12. Be1 Ndf6 13. Nd2 Qe7 14. f3 Nxd2 15.
Qxd2 Nd7 16. Rd1 Rad8 17. Qc2 Kh8 18. b4 h6 19. Bg3 d5 20. dxc5 bxc5 21. b5 Nb6
22. a4 e5 23. a5 e4 24. fxe4 dxc4 25. Bxc4 Bxe4 26. Qc3 Nxc4 27. Qxc4 f6 28. Rc1
Bd3 29. Qxc5 Qxc5 30. Rxc5 Bxf1 31. Kxf1 Rd2 32. b6 axb6 33. axb6 Rb2 34. Bc7
Ra8 35. Rc1 Raa2 36. g4 Kh7 37. h4 Kg6 38. Rd1 h5 0-1

[Event "World Rapid Women 2022"]
[Site "Almaty KAZ"]
[Date "2022.12.27"]
[Round "6.18"]
[White "Javakhishvili, Lela"]
[Black "Balajayeva, Khanim"]
[Result "1/2-1/2"]
[WhiteTitle "IM"]
[BlackTitle "WGM"]
[WhiteElo "2440"]
[BlackElo "2379"]
[WhiteFideId "13601458"]
[BlackFideId "13406396"]
[EventDate "2022.12.26"]

1. d4 d5 2. c4 dxc4 3. Nf3 Nf6 4. e3 e6 5. Bxc4 a6 6. O-O b5 7. Bd3 Bb7 8. a4 b4
9. Nbd2 Nbd7 10. a5 c5 11. e4 cxd4 12. e5 Nd5 13. Ne4 Nc5 14. Bg5 Qd7 15. Nxc5
Bxc5 16. Rc1 Rc8 17. Rc4 h6 18. Bd2 O-O 19. Qe2 Ba7 20. Rxc8 Rxc8 21. Qe4 f5 22.
exf6 Nxf6 23. Qe2 Qd6 24. Re1 Re8 25. Ne5 Qd5 26. f3 Qxa5 27. g4 Bb8 28. Ng6 Qd5
29. Bxb4 Qxf3 30. Ne7+ Kh8 31. Ng6+ Kg8 32. Ne7+ Kh8 33. Ng6+ Kg8 1/2-1/2

[Event "World Rapid Women 2022"]
[Site "Almaty KAZ"]
[Date "2022.12.27"]
[Round "6.19"]
[White "Arabidze, Meri"]
[Black "Buksa, Nataliya"]
[Result "1/2-1/2"]
[WhiteTitle "IM"]
[BlackTitle "IM"]
[WhiteElo "2427"]
[BlackElo "2405"]
[WhiteFideId "13604040"]
[BlackFideId "14123622"]
[EventDate "2022.12.26"]

1. d4 d5 2. c4 e6 3. Nc3 Nf6 4. cxd5 exd5 5. Bg5 Nbd7 6. e3 c6 7. Bd3 Be7 8. Qc2
Nh5 9. Bxe7 Qxe7 10. O-O-O Nb6 11. h3 g6 12. Nf3 Ng7 13. g4 Be6 14. Kb1 O-O-O
15. a4 Qb4 16. Be2 Nc4 17. Bxc4 dxc4 18. e4 h5 19. d5 hxg4 20. Ng5 cxd5 21. Nxe6
Nxe6 22. Nxd5 Qc5 23. hxg4 Rxh1 24. Rxh1 Kb8 25. Rc1 Rc8 26. Qd2 Qd4 27. Qxd4
Nxd4 28. Rd1 Nf3 29. Ne3 Re8 30. Rd7 Ne5 31. Rd4 Nd3 32. Nxc4 Nxf2 33. Nd6 Re7
34. Rc4 Rc7 35. Rxc7 Kxc7 36. Nxf7 Nxg4 37. Kc2 Nf2 38. e5 Kd7 39. Ng5 Ng4 40.
e6+ Kd6 41. Kc3 Ne5 42. b4 Nc6 43. Ne4+ Ke7 44. Kc4 Nd8 45. Kd5 Nxe6 46. Ke5 Nd8
47. b5 b6 48. Kd5 Kd7 49. Nf6+ Kc7 50. Ne8+ Kc8 51. Nf6 g5 52. Ke5 Nb7 53. Kd5
Kc7 54. Ne8+ Kd8 55. Nf6 Nc5 56. a5 Nd7 57. Ne4 bxa5 58. Nxg5 Kc7 59. Nf3 Kb6
60. Kc4 Nc5 61. Ne5 Ne4 62. Nd7+ Kc7 63. Ne5 Kb7 64. Nd7 Nd2+ 65. Kc3 Kc7 66.
Kxd2 Kxd7 67. Kc3 Kc7 68. Kb3 Kb7 69. Ka3 Kb6 70. Ka4 1/2-1/2

[Event "World Rapid Women 2022"]
[Site "Almaty KAZ"]
[Date "2022.12.27"]
[Round "6.20"]
[White "Kairbekova, Amina"]
[Black "Girya, Olga"]
[Result "1-0"]
[WhiteTitle "WIM"]
[BlackTitle "GM"]
[WhiteElo "2209"]
[BlackElo "2398"]
[WhiteFideId "13712799"]
[BlackFideId "4195752"]
[EventDate "2022.12.26"]

1. e4 e5 2. Nf3 Nc6 3. Bb5 a6 4. Ba4 Nf6 5. O-O Nxe4 6. d4 b5 7. Bb3 d5 8. dxe5
Be6 9. Qe2 Nc5 10. Nc3 Nxb3 11. axb3 Be7 12. Rd1 O-O 13. Bf4 Nb4 14. Na2 Nxa2
15. Rxa2 c5 16. b4 cxb4 17. Nd4 Qb6 18. Be3 Bc5 19. f4 f6 20. Kh1 Rae8 21. f5
Bxf5 22. Nxf5 Bxe3 23. Qxe3 Qxe3 24. Nxe3 Rxe5 25. Nf1 Rc8 26. b3 Re2 27. Nd2 a5
28. Kg1 a4 29. Kf1 axb3 30. cxb3 Re3 31. Ra5 Rc2 32. Rxb5 Rd3 33. Ke2 Rxb3 34.
Rxd5 Rbc3 35. Rd3 Rxd3 36. Kxd3 Rc3+ 37. Ke2 Rc5 38. Rb1 Rh5 39. Nf3 Rb5 40. Kd3
Rb7 41. Rb2 h5 42. Kc4 Rc7+ 43. Kxb4 g5 44. Nd4 Kf7 45. Rc2 Rb7+ 46. Kc4 Kg6 47.
Kd3 h4 48. h3 Ra7 49. Nf3 Ra3+ 50. Ke2 Rb3 51. Kf2 Ra3 52. Rc6 Ra2+ 53. Kg1 Ra1+
54. Kh2 Kf5 55. Rc5+ Kg6 56. Rb5 Rd1 57. Ra5 Rb1 58. Ra6 Kf5 59. Nd4+ Kg6 60.
Nc6 Re1 61. Nb4 Rd1 62. Rc6 Kf5 63. Nc2 Kg6 64. Ne3 Re1 65. Nd5 Rf1 66. Rc7 Kh6
67. Ne3 Re1 68. Nf5+ Kg6 69. Ne7+ Kf7 70. Nd5+ Kg6 71. Rc6 Rf1 72. Ne3 Re1 73.
Ng4 Rf1 74. Rc3 Ra1 75. Rc6 Rf1 76. Ne5+ Kf5 77. Nd7 Kg6 78. Rc7 Kf7 79. Ne5+
Ke6 80. Ng4 Kd6 81. Rc2 f5 82. Rf2 Rxf2 83. Nxf2 Ke5 84. g3 hxg3+ 85. Kxg3 Kd4
86. Kf3 g4+ 87. Nxg4 fxg4+ 88. Kxg4 Ke5 89. Kg5 Ke6 90. Kg6 Ke7 91. Kg7 1-0